MARC details
| 000 -LEADER |
| fixed length control field |
04293cam a2200457 i 4500 |
| 001 - CONTROL NUMBER |
| control field |
20699892 |
| 003 - CONTROL NUMBER IDENTIFIER |
| control field |
CSPC |
| 005 - DATE AND TIME OF LATEST TRANSACTION |
| control field |
20260331153300.0 |
| 008 - FIXED-LENGTH DATA ELEMENTS--GENERAL INFORMATION |
| fixed length control field |
260330s2023 moua b 001 0 eng d |
| 010 ## - LIBRARY OF CONGRESS CONTROL NUMBER |
| LC control number |
2021946990 |
| 020 ## - INTERNATIONAL STANDARD BOOK NUMBER |
| International Standard Book Number |
9780323810241 |
| Qualifying information |
(paperback) |
| 040 ## - CATALOGING SOURCE |
| Original cataloging agency |
YDX |
| Language of cataloging |
eng |
| Transcribing agency |
YDX |
| Description conventions |
rda |
| Modifying agency |
BDX |
| -- |
OCLCQ |
| -- |
FTX |
| -- |
PZS |
| -- |
VAM |
| -- |
OCLCF |
| -- |
OHS |
| -- |
OCLCO |
| -- |
IBI |
| -- |
CUX |
| -- |
CNCGM |
| -- |
S1C |
| -- |
VET |
| -- |
OCLCO |
| -- |
OCLCA |
| -- |
OCLCQ |
| -- |
OCLCO |
| -- |
OCL |
| -- |
DLC |
| -- |
CSPC |
| 042 ## - AUTHENTICATION CODE |
| Authentication code |
lccopycat |
| 050 #4 - LIBRARY OF CONGRESS CALL NUMBER |
| Classification number |
RM216 |
| Item number |
.G946 2023 |
| 082 04 - DEWEY DECIMAL CLASSIFICATION NUMBER |
| Edition number |
23 |
| Classification number |
615.854 |
| Item number |
G892n |
| 100 1# - MAIN ENTRY--PERSONAL NAME |
| Personal name |
Grodner, Michele, |
| Relator term |
author. |
| 245 10 - TITLE STATEMENT |
| Title |
Nutritional foundations and clinical applications : |
| Remainder of title |
a nursing approach / |
| Statement of responsibility, etc. |
Michele Grodner, Sylvia Escott-Stump, and Suzanne Dorner. |
| 250 ## - EDITION STATEMENT |
| Edition statement |
8th edition. |
| 264 #1 - PRODUCTION, PUBLICATION, DISTRIBUTION, MANUFACTURE, AND COPYRIGHT NOTICE |
| Place of production, publication, distribution, manufacture |
St. Louis, Missouri : |
| Name of producer, publisher, distributor, manufacturer |
Elsevier, |
| Date of production, publication, distribution, manufacture, or copyright notice |
2023. |
| 300 ## - PHYSICAL DESCRIPTION |
| Extent |
xvii, 439 pages : |
| Other physical details |
illustrations ; |
| Dimensions |
28 cm. |
| 336 ## - CONTENT TYPE |
| Content type term |
text |
| Content type code |
txt |
| Source |
rdacontent |
| 337 ## - MEDIA TYPE |
| Media type term |
unmediated |
| Media type code |
n |
| Source |
rdamedia |
| 338 ## - CARRIER TYPE |
| Carrier type term |
volume |
| Carrier type code |
nc |
| Source |
rdacarrier |
| 504 ## - BIBLIOGRAPHY, ETC. NOTE |
| Bibliography, etc. note |
Includes bibliographical references and index. |
| 505 0# - FORMATTED CONTENTS NOTE |
| Formatted contents note |
Part I. Wellness, nutrition, and the nursing role -- Wellness nutrition -- Personal and community nutrition. -- Part II. Nutrients, food, and health -- Digestion, absorption, and metabolism -- Carbohydrates -- Fats -- Protein -- Vitamins -- Water and minerals. -- Part III. Health promotion through nutrition and nursing practice -- Energy, weight, and fitness -- Nutrition across the life span. -- Part IV. Overview of nutrition therapy -- Nutrition assessment and patient care -- Food-related issues -- Nutrition for disorders of the gastrointestinal tract -- Nutrition for disorders of the liver, gallbladder, and pancreas -- Nutrition for diabetes mellitus -- Nutrition in metabolic stress: burns, trauma, and surgery -- Nutrition for cardiopulmonary diseases -- Nutrition for diseases of the kidneys -- Nutrition for neuro-psychiatric disorders -- Nutrition in cancer and Human Immunodeficiency virus/acquired immunodeficiency syndrome. |
| 520 ## - SUMMARY, ETC. |
| Summary, etc. |
"Describes nutritional healing and wellness from the nurse's perspective, covering dietary guidelines with a humanistic, personal touch, using first-hand accounts to show how nutrition principles apply to patients in real-world practice, updated with the most current guidelines and the latest research on nutrition. Written by noted educators Michele Grodner, Sylvia Escott-Stump, and Suzie Dorner, this leading nutrition text promotes healthy diets and shows how nutrition may be used in treating and controlling diseases and disorders"-- Publisher's description. |
| 520 ## - SUMMARY, ETC. |
| Summary, etc. |
"Case studies help apply nutrition principles to real-world practice situations. The Personal Perspectives box in each chapter offers a firsthand account of the ways in which nutrition affects patients' lives. Teaching Tool boxes include strategies for providing nutrition counseling to patients. The Nursing Approach boxes analyze a realistic nutritional case study according to the nursing process. Social Issue boxes show how ethical, social, and community concerns can influence health and wellness. Health Debate boxes address the nurse's response to differing opinions or controversies about food, nutrition, and health concerns. Cultural Considerations boxes show how to understand and respect the food and health customs of specific ethnic groups. Key terms and a glossary make it easy to learn key vocabulary and concepts. And NEW!, Nursing Approach sections include Next Generation NCLEX® terminology as well as single-episode cases and questions, with answers on the Evolve website"-- Publisher's description. |
| 650 #0 - SUBJECT ADDED ENTRY--TOPICAL TERM |
| Topical term or geographic name entry element |
Diet therapy. |
| 650 #0 - SUBJECT ADDED ENTRY--TOPICAL TERM |
| Topical term or geographic name entry element |
Nutrition. |
| 650 #0 - SUBJECT ADDED ENTRY--TOPICAL TERM |
| Topical term or geographic name entry element |
Nursing. |
| 650 12 - SUBJECT ADDED ENTRY--TOPICAL TERM |
| Topical term or geographic name entry element |
Diet Therapy |
| General subdivision |
methods |
| 650 12 - SUBJECT ADDED ENTRY--TOPICAL TERM |
| Topical term or geographic name entry element |
Nutrition |
| 650 12 - SUBJECT ADDED ENTRY--TOPICAL TERM |
| Topical term or geographic name entry element |
Nursing Process |
| 650 12 - SUBJECT ADDED ENTRY--TOPICAL TERM |
| Topical term or geographic name entry element |
Nutritional Physiological Phenomena |
| 700 1# - ADDED ENTRY--PERSONAL NAME |
| Personal name |
Escott-Stump, Sylvia |
| Relator term |
author. |
| 700 1# - ADDED ENTRY--PERSONAL NAME |
| Personal name |
Dorner, Suzanne, |
| Relator term |
author. |
| 906 ## - LOCAL DATA ELEMENT F, LDF (RLIN) |
| a |
7 |
| b |
cbc |
| c |
copycat |
| d |
2 |
| e |
ncip |
| f |
20 |
| g |
y-gencatlg |
| 942 ## - ADDED ENTRY ELEMENTS (KOHA) |
| Source of classification or shelving scheme |
Dewey Decimal Classification |
| Suppress in OPAC |
No |
| Koha item type |
Books |
| Edition |
23 |
| Classification part |
615.854 |
| Item part |
G892n |
| Call number prefix |
NUR |
| Call number suffix |
2023 |